00776 a2200217 4500003000700000005001700007008004100024040002500065041000800090050002200098100002600120245014800146260004200294300003200336336002800368337003000396338002700426500005400453650001800507650003300525CBULib20240119065209.0240117b |||||||| |||| 00| 0 eng d cCBULibbEnglisherda aeng aCBU-PG THESIS/MAL aMalele Leonard Malele aThe effects of turnover tax on the growth of small and medium enterprises in Lusaka district : a case of Lusaka CBDc/ by Malele Leonard Malele bCopperbelt University,c2022aKitwe : ax, 65 pages : illustrations 2rdacontentaText |btxt 2rdamediaaUnmediated |bn 2rdacarrieraVolumebnc aIncludes bibliographical reference and appendices 0aTURN-OVER TAX 0aSMALL AND MEDIUM ENTERPRISES